000 00556nam a2200193Ia 4500
003 IN-BaIIA
008 211028s9999 xx 000 0 eng d
040 _cIIA Library
080 _a524.8
_bSAX
100 _aSaxena, Ashok
_932463
245 0 _aInside a wave
_bcosmology (space-time-energy)
_cAshok Saxena
250 _a1st ed.
260 _aAgra
_bManas Prakashan
_c2005
300 _axxiv, 332p.
650 _aCosmology
650 _aElectromagnetic forces
_932464
650 _aWave
_96079
942 _cBK
999 _c17236
_d17236